000 00292nam a22001337a 4500
008 171002b xxu||||| |||| 00| 0 eng d
020 _a9780534095468
041 _aeng
080 _a15939
100 _a48
101 _aPSI
245 _aPROFESIONAL ETHICS
_cBAYLES.M.D
942 _2udc
_cBK
999 _c31225
_d31225